000 00871cam a22002898i 4500
001 22232441
008 210914s2022 ilu j b 000 0 eng
010 _a 2021045101
020 _a9781728259086
_q(hardcover)
020 _a9781728261287
_q(trade paperback)
020 _z9781728259109
_q(epub)
040 _aDLC
_beng
_erda
_cDLC
_dCUZ
050 0 0 _aHT1575
_b.S23 2022
100 1 _aSaad, Layla F.,
_eauthor.
245 1 0 _aMe and white supremacy :
_byoung readers' edition /
_cLayla F. Saad.
264 1 _aLondon :
_bQuercus
_c[2022]
300 _axiii, 239 pages ,
_c23cm.
336 _atext
_btxt
337 _aunmediated
_bn
338 _2rdacarrier
650 0 _aWhite people
650 0 _aRacism
650 0 _aRace discrimination
650 0 _aEquality
942 _cOS
999 _c44872
_d44872